01620cam a2200361 a 4500001001400000003000800014005001700022006001900039007001500058008004100073020003800114040003000152049002600182050002100208082001500229100001900244245006300263250001200326260004200338300003600380500005300416520047300469521001700942588004700959650002401006650002401030655002901054710001601083776003501099856008901134942001601223999001901239EDZ0000159410StDuBDS20161031105239.0m||||||||d||||||||cr |||||||||||130912s1995 cau fo| 000|0|eng|d a9781483326818 (ebook) :cNo price aStDuBDSbengcStDuBDSepn aAlfaisal Main Library 0aRM315b.L36 199504a615.782231 aLeavitt, Fred.10aDrugs and behaviorh[electronic resource] /cFred Leavitt. a3rd ed. aThousand Oaks, Calif. :bSAGE,c1995. a1 online resource (xxi, 525 p.) aPrevious ed.: New York; Chichester: Wiley, 1982.8 aWhat are the effects of psychoactive drugs on aspects of human behaviour, such as creativity, memory and sexuality? How effective are such drugs in treating mental disorders? How are new drugs tested and licensed? An intriguing introduction to the study of psychopharmacology, this fully revised and updated edition of 'Drugs and Behavior' presents a unique analysis of the ways in which human behaviour is affected by drugs, rather than simply by categories of drugs. aSpecialized. aDescription based on print version record. 0aPsychopharmacology. 0aPsychotropic drugs. 7aElectronic books.2local2 aSage eBooks08iPrint version :z978080394783240uhttp://ezproxy.alfaisal.edu/login?url=http://sk.sagepub.com/books/drugs-and-behavior 2lcccEBOOKS c482609d482609